Land and estate management (Record no. 102485)

MARC details
000 -LEADER
fixed length control field 01202cam a2200325 4500
008 - FIXED-LENGTH DATA ELEMENTS--GENERAL INFORMATION
fixed length control field #DATE n2003 000 0 eng u
020 ## - INTERNATIONAL STANDARD BOOK NUMBER
International Standard Book Number 1853411299
035 ## - SYSTEM CONTROL NUMBER
System control number (Sirsi) u120150
041 ## - LANGUAGE CODE
Language code of text/sound track or separate title eng
050 ## - LIBRARY OF CONGRESS CALL NUMBER
Classification number 333.335
-- 18
100 ## - MAIN ENTRY--PERSONAL NAME
Personal name Nix, John
245 ## - TITLE STATEMENT
Title Land and estate management
250 ## - EDITION STATEMENT
Edition statement 4th ed.
260 ## - PUBLICATION, DISTRIBUTION, ETC.
Place of publication, distribution, etc. Chichester
Name of publisher, distributor, etc. Packard
Date of publication, distribution, etc. 2003
300 ## - PHYSICAL DESCRIPTION
Extent viii, 256p.
Dimensions 21cm.
350 ## - PRICE (NR) (BK AM CF MU VM SE) [OBSOLETE]
Price 19.99
520 ## - SUMMARY, ETC.
Summary, etc. This updated fourth edition provides an overview of land managerial topics for those starting work on farms, estates and land agency. Aimed at practitioners and also students preparing for their chartered surveyor exams. Chapters on land ownership; managing a rural estate; types of land tenure and tenure legislation; farm rents; planning legislation; agriculture and the environment; taxation of capital.
520 ## - SUMMARY, ETC.
Summary, etc. Supersedes third edition (ISBN 1853411116)
650 ## - SUBJECT ADDED ENTRY--TOPICAL TERM
Topical term or geographic name entry element AGRICULTURAL HOLDINGS
650 ## - SUBJECT ADDED ENTRY--TOPICAL TERM
Topical term or geographic name entry element CONSERVATION
650 ## - SUBJECT ADDED ENTRY--TOPICAL TERM
Topical term or geographic name entry element FARMING
650 ## - SUBJECT ADDED ENTRY--TOPICAL TERM
Topical term or geographic name entry element FORESTRY
650 ## - SUBJECT ADDED ENTRY--TOPICAL TERM
Topical term or geographic name entry element LAND OWNERSHIP
650 ## - SUBJECT ADDED ENTRY--TOPICAL TERM
Topical term or geographic name entry element RIGHTS OF WAY
690 ## - LOCAL SUBJECT ADDED ENTRY--TOPICAL TERM (OCLC, RLIN)
Topical term or geographic name as entry element RURAL
9 (RLIN) 6268
700 ## - ADDED ENTRY--PERSONAL NAME
Personal name Hill, Paul
700 ## - ADDED ENTRY--PERSONAL NAME
Personal name Williams, Nigel
700 ## - ADDED ENTRY--PERSONAL NAME
Personal name Bough, Jenny
942 ## - ADDED ENTRY ELEMENTS (KOHA)
Suppress in OPAC 0
Holdings
Withdrawn status Lost status Source of classification or shelving scheme Damaged status Not for loan Home library Current library Shelving location Date acquired Cost, normal purchase price Total Checkouts Full call number Barcode Date last seen Date last checked out Copy number Cost, replacement price Price effective from Koha item type
    Dewey Decimal Classification     London London Books 05/01/2004 19.99 15 333.335 NIX 30068936 06/08/2019 06/01/2010 1 19.99 06/08/2019 Book